Biblioteka Instytutu Północnego w Olsztynie

Zagłada Polaków w Związku Sowieckim : (Rekord nr 27613)

Szczegóły MARC
000 -Nagłówek
fixed length control field 02219cam a2200529 i 4500
001 - Nr kontrolny bibl., która utworzyła rek.
control field xx004643162
003 - Siglum bibl., której nr kontr. jest w 001
control field NUKAT
005 - Data i czas ostatniej operacji
control field 20260416125701.0
008 - Elementy pola stałej długości
fixed length control field 190614s2019 pl a |001 0 pol c
020 ## - ISBN
ISBN 9788380985513
dopowiedzenie (oprawa miękka) :
warunki dostępności zł 40,00
035 ## - Systemowy numer kontrolny
systemowy numer kontrolny (OCoLC)1107565879
035 ## - Systemowy numer kontrolny
systemowy numer kontrolny (NUKAT)xx004643162
040 ## - Instytucja sporządzająca opis
Instytucja, która sporządziła opis KAT U/MP
język katalgowania-trzyzn. kod pol
zasady opisu rda
Instytucja, która sporządziła rekord KAT U/MPs
Instytucja, która zmodyfikowała rekord KAT U/MP
-- KR 048/PK
-- OLSZT 008/bak
045 2# - Okres czasu dla zawartości
czas między r. 9999 pne a nasz. czas. d1917
-- d1938
046 ## - Kod rodz. daty, data1, data2 (daty pne)
Begin/single date 2019
100 1# - Hasło główne-nazwa osobowa
Nazwa osobowa Zechenter, Anna
Daty biograficzne (1959- ).
rodzaj współpracy Autor
9 (RLIN) 40168
245 10 - Tytuł właściwy i oznaczenie odpow.
tytuł Zagłada Polaków w Związku Sowieckim :
dodatek do tytułu od przewrotu bolszewickiego do "operacji polskiej" /
dod. inf. ze s. tyt./ozn. odpow. Anna Zechenter.
260 ## - Adres wydawniczy
miejsce wydania, dystrybucji itp. Warszawa :
nazwa wydawcy, dystrybutora itp. Instytut Pamięci Narodowej - Komisja Ściągania Zbrodni przeciwko Narodowi Polskiemu,
data wydania, dystrybucji itp. 2019.
300 ## - Opis fizyczny
objętość i/lub forma materiału 406, [1] strona :
inne szczegóły opisu fizycznego ilustracje ;
format 24 cm.
336 ## - Content Type
Term Tekst
Code txt
Source rdacontent
337 ## - Media Type
Term Bez urządzenia pośredniczącego
Code n
Source rdamedia
338 ## - Carrier Type
Term Wolumin
Code nc
Source rdacarrier
380 ## - Form of work
Form of work Książki
380 ## - Form of work
Form of work Publikacje popularnonaukowe
388 1# - TIME PERIOD OF CREATION
Time period of creation term 2001-
490 1# - Tytuł serii i ks. wielotom.-nie do wysz.
oznaczenie serii Biblioteka Biuletynu IPN ;
numer woluminu t. 5
504 ## - Uwaga o bibliografii
uwaga o bibliografii Bibliografia na stronach 382-387. Indeksy.
648 #7 - SUBJECT ADDED ENTRY--CHRONOLOGICAL TERM
Chronological term 1901-2000
Source of heading or term DBN
9 (RLIN) 34996
648 #7 - SUBJECT ADDED ENTRY--CHRONOLOGICAL TERM
Chronological term 1914-1918
Source of heading or term DBN
9 (RLIN) 36040
648 #7 - SUBJECT ADDED ENTRY--CHRONOLOGICAL TERM
Chronological term 1918-1939
Source of heading or term DBN
9 (RLIN) 36041
650 #7 - Hasło przedmiotowe-nazwa pospolita
nazwa pospolita lub geogr. Antypolonizm
źródło hasła DBN
9 (RLIN) 38851
650 #7 - Hasło przedmiotowe-nazwa pospolita
nazwa pospolita lub geogr. Operacja polska NKWD (1937-1938)
źródło hasła DBN
9 (RLIN) 40169
650 #7 - Hasło przedmiotowe-nazwa pospolita
nazwa pospolita lub geogr. Polacy
źródło hasła DBN
9 (RLIN) 35100
650 #7 - Hasło przedmiotowe-nazwa pospolita
nazwa pospolita lub geogr. Polityka narodowościowa
źródło hasła DBN
9 (RLIN) 37194
650 #7 - Hasło przedmiotowe-nazwa pospolita
nazwa pospolita lub geogr. Prześladowania polityczne
źródło hasła DBN
9 (RLIN) 36911
650 #7 - Hasło przedmiotowe-nazwa pospolita
nazwa pospolita lub geogr. Rewolucja październikowa (1917)
źródło hasła DBN
9 (RLIN) 40170
650 #7 - Hasło przedmiotowe-nazwa pospolita
nazwa pospolita lub geogr. Polacy
określnik geograficzny Związek Radziecki
określnik chronologiczny 1900-1945.
źródło hasła kaba
9 (RLIN) 37195
650 #7 - Hasło przedmiotowe-nazwa pospolita
nazwa pospolita lub geogr. Mniejszości
określnik rzeczowy polityka publiczna
określnik geograficzny Związek Radziecki
określnik chronologiczny 1900-1945.
źródło hasła kaba
9 (RLIN) 37196
651 #7 - Hasło przedmiotowe-nazwa geogr.
nazwa geograficzna ZSRR
źródło hasła DBN
9 (RLIN) 37200
655 #7 - Termin określający rodzaj/formę
rodzaj/forma Opracowanie
źródło terminu DBN
9 (RLIN) 35024
658 ## - Nazwa określająca cel programu nauczania
główny cel programu nauczania Historia
710 2# - Hasło dodatkowe - nazwa ciała zbior.
nazwa ciała zbior. lub nazwa geogr. Instytut Pamięci Narodowej - Komisja Ścigania Zbrodni przeciwko Narodowi Polskiemu.
rodzaj współpracy Wydawca
kod rodzaju współpracy pbl
9 (RLIN) 11792
830 #0 - Hasło dod. serii i op. ks. wielotom. -tyt
tytuł Biblioteka Biuletynu IPN
oznaczenie tomu t. 5
9 (RLIN) 14044
856 41 - Elektroniczne źródła danych i spos. dost.
określenie materiału Spis treści
URL (Uniform Resource Locator) <a href="https://www.biblos.pk.edu.pl/ST/2021/01/100000329596/100000329596_Zechenter_ZagladaPolakow.pdf">https://www.biblos.pk.edu.pl/ST/2021/01/100000329596/100000329596_Zechenter_ZagladaPolakow.pdf</a>
920 ## - ISBN
ISBN 978-83-8098-551-3 (oprawa miękka) : zł 40,00
942 ## - ADDED ENTRY ELEMENTS (KOHA)
Source of classification or shelving scheme Dewey Decimal Classification
Koha item type pozycje dostępne na miejscu
Egzemplarze
Status wycofania Status zagubienia Klasyfikacja Status uszkodzenia Blokada wypożyczeń Kolekcja Lokalizacja macierzysta Lokalizacja bieżąca Data nabycia Numer akcesji Źródło akcesji Cena Nr inwentarzowy il. wypożyczeń Sygnatura Kod kreskowy Date last seen Price effective from Typ egz.
    Dewey Decimal Classification nieuszkodzona   książka w magazynie Biblioteka Instytutu Północnego w Olsztynie Biblioteka Instytutu Północnego w Olsztynie 15/11/2019 D-38/2019 dar 40.00 59907   59907 IPWK21606 16/04/2026 16/04/2026 pozycje dostępne na miejscu
Biblioteka Instytutu Północnego, ul. Partyzantów 87, 10-402 Olsztyn, email: biblioteka(at)ip.olsztyn.pl